| 000 | 004330000a22001690004500 | ||
|---|---|---|---|
| 001 | 000210 | ||
| 003 | MACL | ||
| 040 | _aMACL | ||
| 090 |
_c210 _d210 |
||
| 100 | _aMehta, Prayag | ||
| 245 |
_aA Psychological Strategy For Alternative Human Development _bIndia's Performance Since Independence _cPrayag Mehta |
||
| 260 |
_aSagar Publications, _c1998 |
||
| 350 | _a375 | ||
| 650 | _aPsychology | ||
| 942 |
_k150 _cBook |
||
| 951 | _o150 Book | ||
| 999 |
_c212 _d212 |
||